The physical basis of personality /

Bibliographic Details
Main Author: Stockard, Charles R. (Charles Rupert), 1879-1939
Format: Book
Language:English
Published: London : Allen, (1931)
Subjects:

MARC

Tag First Indicator Second Indicator Subfields
LEADER 00000cam a2200000 4500
001 in00000045342
005 20151007071217.0
008 800603s1931 enkaf b 00010 eng d
035 |a (OCoLC)06382548 
035 |9 AAE5529AM 
040 |a TXA  |c TXA  |d UtOrBLW 
049 |a TXAM  |c [57654] 
090 |a QH471  |b S86 
092 |a 575  |b S864p 
100 1 |a Stockard, Charles R.  |q (Charles Rupert),  |d 1879-1939. 
245 1 4 |a The physical basis of personality /  |c by Charles R. Stockard. 
264 1 |a London :  |b Allen,  |c (1931) 
300 |a xviii pages, 1 ., 21-320 pages :  |b frontispiece, illustrations, plate, diagrams ;  |c 22 cm. 
336 |a text  |b txt  |2 rdacontent 
337 |a unmediated  |b n  |2 rdamedia 
338 |a volume  |b nc  |2 rdacarrier 
500 |a The plate is printed on both sides. 
500 |a This book is primarily an outcome of the Lane medical lectures delivered by the author at Stanford university in 1930. cf. Pref. 
500 |a "First edition." 
504 |a Bibliography: pages 306-316. 
650 0 |a Personality. 
650 0 |a Variation (Biology) 
650 0 |a Heredity. 
650 0 |a Embryology. 
650 0 |a Endocrinology. 
999 |a MARS 
999 f f |s bb789f09-b641-36d0-b780-3fae23f073d8  |i 5f60c0e1-6f96-36d5-8cd6-03600f9d6a2c  |t 0 
952 f f |p ric  |a Texas A&M University  |b Rellis Campus  |c Joint Library Facility  |d Remote Storage  |t 0  |e QH471 S86  |h Library of Congress classification  |i unmediated -- volume  |m A14800977694 
998 f f |a QH471 S86  |t 0  |l Remote Storage